Statistics for Big Ten College Football Rivalries

Click here to take the quiz!

General Stats

  • This quiz has been taken 20 times
  • The average score is 33 of 34

Answer Stats

HintAnswer% Correct
Land of Lincoln TrophyIllinois
100%
IllibuckIllinois
100%
Purdue CannonIllinois
100%
Old Oaken BucketIndiana
100%
Old Brass SpittoonIndiana
100%
Heartland TrophyIowa
100%
Heroes TrophyIowa
100%
Floyd of RosedaleIowa
100%
Paul Bunyan TrophyMichigan
100%
George Jewett TrophyMichigan
100%
Little Brown JugMichigan
100%
Land Grant TrophyMichigan State
100%
Old Brass SpittoonMichigan State
100%
Paul Bunyan TrophyMichigan State
100%
Little Brown JugMinnesota
100%
Floyd of RosedaleMinnesota
100%
Paul Bunyan's AxeMinnesota
100%
Governor's Victory BellMinnesota
100%
$5 Bits of Broken Chair TrophyMinnesota
100%
IllibuckOhio State
100%
Governor's Victory BellPenn State
100%
Land Grant TrophyPenn State
100%
Purdue CannonPurdue
100%
Old Oaken BucketPurdue
100%
Heartland TrophyWisconsin
100%
Paul Bunyan's AxeWisconsin
100%
Freedom TrophyWisconsin
100%
$5 Bits of Broken Chair TrophyNebraska
92%
Heroes TrophyNebraska
92%
Freedom TrophyNebraska
92%
Land of Lincoln TrophyNorthwestern
92%
George Jewett TrophyNorthwestern
92%
Victory BellUCLA
69%
Victory BellUSC
69%

Score Distribution

Percentile by Number Answered

Percent of People with Each Score

Your Score History

You have not taken this quiz